000 01213nas a2200373 4500
001 BR2011007514
003 BR-BrBNA
005 20231205115757.0
007 ta
008 230509b bl.|||p| |||| 00| 00por d
040 _aBR-BrBNA
_bpor
_cBiblioteca Nacional de Agricultura
041 _a(Pt)
072 _aF60
100 1 _aMaia Filho, A.L.M.
100 1 _aSilva, V.S.
100 1 _aBarros, T.L.
100 1 _aCosta, C.L.S.
100 1 _aMaia, E.P.V.D.
100 1 _aAraújo, K.S.
100 1 _aSantos, I.M.S.P.
100 1 _aVillaverde, A.G.J.B.
100 1 _aCarvalho, F.A.S.
100 1 _aCarvalho, R.A.
245 1 _aEfeito do gel de babosa (Aloe barbadensis Mill.)associado ao ultrassom em processo inflamatório agudo
246 1 _aEffect of aloe (Aloe barbadensis Mill.)gel combined with ultrasound in the acute inflammatory process
650 _aBABOSA
650 _aALOE BARBADENSIS
650 _aANÁLISE QUÍMICA
650 _aANTIINFLAMATÓRIO
650 _aULTRA-SOM
773 0 _tRevista Brasileira de Plantas Medicinais (Brazil)
_xISSN 1516-0572
_g(May 2011), v. 13(2) p. 146-150
_wBR2011007514
909 _a202311
_bLúcia
_c55
_dLúcia Elande
942 _2AGRIS
_n0
_cANA
999 _c215646
_d215646